General and inorganic chemistry (Record no. 75007)
[ view plain ]
| 000 -LEADER | |
|---|---|
| fixed length control field | 00764cam a22002771 4500 |
| 001 - CONTROL NUMBER | |
| control field | 75007 |
| 003 - CONTROL NUMBER IDENTIFIER | |
| rucl marc code | BD-RjUL |
| 005 - DATE AND TIME OF LATEST TRANSACTION | |
| control field | 20211209082631.0 |
| 008 - FIXED-LENGTH DATA ELEMENTS--GENERAL INFORMATION | |
| fixed length control field | 791217s1964 enk 000 0 eng |
| 035 ## - SYSTEM CONTROL NUMBER | |
| System control number | (BD-RjUL)75225 |
| 040 ## - CATALOGING SOURCE | |
| Original cataloging agency | DLC |
| Transcribing agency | NFredU |
| Modifying agency | Uk |
| -- | DLC |
| Language of cataloging | eng |
| 041 ## - LANGUAGE CODE | |
| Language code of text/sound track or separate title | eng |
| 042 ## - AUTHENTICATION CODE | |
| Authentication code | premarc |
| 082 ## - DEWEY DECIMAL CLASSIFICATION NUMBER | |
| Edition number | 23 |
| Classification number | 546 |
| Author mark and year | DUG 1964 |
| 100 1# - MAIN ENTRY--PERSONAL NAME | |
| Personal name | Durrant, Philip John. |
| 9 (RLIN) | 228308 |
| 245 00 - TITLE STATEMENT | |
| Title | General and inorganic chemistry |
| Statement of responsibility, etc. | [by] P.J. Durrant. |
| 250 ## - EDITION STATEMENT | |
| Edition statement | [3d ed. |
| 260 ## - PUBLICATION, DISTRIBUTION, ETC. (IMPRINT) | |
| Place of publication, distribution, etc. | London] |
| Name of publisher, distributor, etc. | Longmans |
| Date of publication, distribution, etc. | [1964] |
| 300 ## - PHYSICAL DESCRIPTION | |
| Pagination | xiv, 788 p. |
| Illustrations | illus. |
| Size | 23 cm. |
| 650 #0 - SUBJECT ADDED ENTRY--TOPICAL TERM | |
| Topical term or geographic name as entry element | Chemistry. |
| Form subdivision | Inorganic |
| 9 (RLIN) | 228309 |
| 906 ## - LOCAL DATA ELEMENT F, LDF (RLIN) | |
| a | 7 |
| b | cbc |
| c | oclcrpl |
| d | u |
| e | ncip |
| f | 19 |
| g | y-gencatlg |
| 942 ## - ADDED ENTRY ELEMENTS (KOHA) | |
| Source of classification or shelving scheme | Dewey Decimal Classification |
| Koha item type | Books |
| Lost status | Source of classification or shelving scheme | Damaged status | Not for loan | Collection code | Permanent Location | Current Location | Shelving location | Date acquired | Source of acquisition | Cost, normal purchase price | Total Checkouts | Full call number | Date last seen | Copy number | Koha item type |
|---|---|---|---|---|---|---|---|---|---|---|---|---|---|---|---|
| Dewey Decimal Classification | Not For Loan | Non-fiction | Central Library, University of Rajshahi | Central Library, University of Rajshahi | Reading Room | 06/09/1973 | Book Center | 38.50 | 546 DUG 1964 | 16/02/2019 | C-1 | Books |